| 000 | 00539nam a2200193Ia 4500 | ||
|---|---|---|---|
| 003 | GCL | ||
| 005 | 20240530104713.0 | ||
| 008 | 140319s9999 xx 000 0 ara d | ||
| 040 |
_aGCL / _cGCL |
||
| 082 | 0 | 4 |
_a370.1 _bح ب |
| 100 | 1 | _aحامد سعيد | |
| 245 | 1 | 0 |
_a000000000000000 _cحامد سعيد |
| 260 |
_a[S.N] : _bالهيئة المصرية العامة للكتاب ، _c1988 |
||
| 300 | _a151ص | ||
| 650 | 0 | 4 | _aالتعليم |
| 650 | 0 | 4 | _aالتربية |
| 650 | 0 | 4 | _aالتخطيط التربوى |
| 942 |
_2ddc _cBK |
||
| 999 |
_c49999 _d49999 |
||